Biggest Lakes in the US - Statistics

General Stats
  • This quiz has been taken 146 times
  • The average score is 8 of 20
Answer Stats
Area (sq mi) Lake % Correct
9910 Lake Erie
98%
37000 Lake Superior
98%
23000 Lake Huron
96%
22300 Lake Michigan
96%
7340 Lake Ontario
93%
2117 Great Salt Lake
72%
662 Lake Okeechobee
47%
490 Lake Champlain
41%
1485 Lake of the Woods
34%
347 Salton Sea
27%
631 Lake Pontchartrain
22%
440 Lake St. Clair
20%
427 Red Lake
17%
393 Fort Peck Lake
11%
520 Lake Sakakawea
11%
345 Rainy Lake
10%
685 Lake Oahe
9%
1014 Iliamna Lake
8%
453 Becharof Lake
5%
404 Selawik Lake
5%
No matching quizzes found
Score Distribution
Percent of People with Each Score
Percentile by Number Answered
Your Score History
You have not taken this quiz